000 00476nam a2200193Ia 4500
005 20250307103438.0
008 131103s9999 xx 000 0 und d
040 _aLoreto College
041 _aEnglish
082 _a907
_bUNS
100 _aUnstead, R.J.
245 _aTeaching history in the junior school
_cR.J.Unstead
260 _aLondon
_bA &C.Black
_c1959
300 _a112p
504 _aIncludes appendix
650 _aHistory
850 _aLCBED
942 _cBK
999 _c29227
_d79706